000 00675nam a2200145Ia 4500
008 231221s9999 xx 000 0 und d
041 _aEnglish
245 0 _aLinux For You (2004 -
260 _cJun, 2012
_bEFYGroup
300 _cJN25788
510 _aDVD : ubuntu 12.5 xubuntu An elegant and easy-to-use operating system that works well an older hardware too.ubuntu 12.04, code named precise pangolinn,is a simple,fast and secura operating system for desktop and server.The latest release comes with improved and updated set of tools to make your desktop experience even better.
650 _aComputer Science
650 _aLinux,(2004,-,Computer Science
942 _cCD
999 _c215019
_d215019